| 000 | 00622nam a2200181 a 4500 | ||
|---|---|---|---|
| 008 | 120416s1985 ||||||||||||||||| || u | ||
| 020 | _a0070290598 | ||
| 050 | _aQA 531 Hir | ||
| 100 | _aSchoen,Harold.L | ||
| 245 | 1 | 0 | _aTrigonometry and its applications |
| 260 |
_aNew York _bMcGraw-Hill _c1985 |
||
| 300 | _axiv,528p.:ill | ||
| 350 | _a0.00 | ||
| 650 | 0 | _aMATHEMATICS--HANDBOOKS, MANUALS, ETC | |
| 650 | _aTRIGONOMETRY, APPLICATION | ||
| 700 | _aHirsch, Cristian R | ||
| 995 |
_D0.00 _FCBU-MAIN LIBRARY (Kitwe) _H1 _I41.50 _M1 _UDAMAGED _ZMain Library Open Access Collection |
||
| 999 |
_c60445 _d60445 |
||